书目信息 |
| 题名: |
统计学
|
|
| 作者: | 贾俊平 编著 | |
| 分册: | ||
| 出版信息: | 北京 中国人民大学出版社 2009.11 |
|
| 页数: | 453页 | |
| 开本: | 24cm | |
| 丛书名: | ||
| 单 册: | ||
| 中图分类: | C8 | |
| 科图分类: | ||
| 主题词: | 统计学 | |
| 电子资源: | ||
| ISBN: | 978-7-300-11266-4 | |
| 000 | 00844 nam 000253 | |
| 001 | 1138848887 | |
| 005 | 20201023163055.98 | |
| 010 | @a978-7-300-11266-4@dCNY33.00 | |
| 100 | @a20111208d2009 em y0chiy0121 ea | |
| 101 | 0 | @achi |
| 102 | @aCN@b110000 | |
| 105 | @ay z 000yy | |
| 200 | 1 | @a统计学@Atong ji xue@f贾俊平等编著@Fjia jun ping deng bian zhu |
| 205 | @a4版 | |
| 210 | @a北京@c中国人民大学出版社@d2009.11 | |
| 215 | @a453页@d24cm | |
| 330 | @a本书是根据高职高专教学特点和要求来编写的,包括:总论、统计数据的来源、统计数据的整理与显示、规模与对比关系的描述、统计数据分布特征的描述、时间数列、统计指数、抽样推断、相关与回归分析等9章。 | |
| 540 | @a统计学 | |
| 606 | 0 | @a统计学 |
| 690 | @aC8@v4 | |
| 701 | 0 | @a贾俊平@Ajia jun ping@4编著 |
| 801 | 0 | @aCN@bDYGS@c20110614 |
| 901 | @a211124 | |
| 905 | @b1070443-5@dC8@eJ2401@f3 | |
| 统计学/贾俊平等编著.-4版.-北京:中国人民大学出版社,2009.11 |
| 453页;24cm |
| ISBN 978-7-300-11266-4:CNY33.00 |
| 本书是根据高职高专教学特点和要求来编写的,包括:总论、统计数据的来源、统计数据的整理与显示、规模与对比关系的描述、统计数据分布特征的描述、时间数列、统计指数、抽样推断、相关与回归分析等9章。 |
| ● |
| 相关链接 |
|
|
|
正题名:统计学
索取号:C8/J2401
 
预约/预借
| 序号 | 登录号 | 条形码 | 馆藏地/架位号 | 状态 | 备注 |
| 1 | 1300800 | 213008001 | 社科库509/509社科库 55排3列5层/ [索取号:C8/J2401] | 在馆 | |
| 2 | 1453494 | 214534949 | 社科库509/509社科库 55排3列5层/ [索取号:C8/J2401] | 在馆 | |
| 3 | 466089 | 204660893 | 社科库509/422社科库 14排2列5层/ [索取号:C8/J2401] | 在馆 | |
| 4 | 485728 | 204857280 | 社科库509/509社科库 55排3列5层/ [索取号:C8/J2401] | 在馆 | |
| 5 | 486876 | 204868768 | 社科库509/509社科库 55排3列5层/ [索取号:C8/J2401] | 在馆 | |
| 6 | 490588 | 204905889 | 社科库509/509社科库 55排3列5层/ [索取号:C8/J2401] | 在馆 | |
| 7 | 490589 | 204905898 | 社科库509/509社科库 55排3列5层/ [索取号:C8/J2401] | 在馆 | |
| 8 | 490590 | 204905905 | 社科库509/509社科库 55排3列5层/ [索取号:C8/J2401] | 在馆 | |
| 9 | 491638 | 204916387 | 社科库509/509社科库 55排3列5层/ [索取号:C8/J2401] | 在馆 |